Biology of the immune response / (Record no. 10721)

MARC details
000 -LEADER
fixed length control field 00681nam a2200217 4500
001 - CONTROL NUMBER
control field BD-DhSAU 10721
003 - CONTROL NUMBER IDENTIFIER
control field BD-DhSAU
005 - DATE AND TIME OF LATEST TRANSACTION
control field 20150717144930.0
008 - FIXED-LENGTH DATA ELEMENTS--GENERAL INFORMATION
fixed length control field 700409s1970 nyua b 001 0 eng
040 ## - CATALOGING SOURCE
Original cataloging agency BD-DhSAU
082 00 - DEWEY DECIMAL CLASSIFICATION NUMBER
Classification number 570
Edition number 22
Item number ABB
100 1# - MAIN ENTRY--PERSONAL NAME
Personal name Abramoff, Peter
Dates associated with a name 1927-
245 10 - TITLE STATEMENT
Title Biology of the immune response /
Statement of responsibility, etc. Peter Abramoff and Mariano F. La Via. [Contributors: Nancy K. Brien et al.]
260 ## - PUBLICATION, DISTRIBUTION, ETC. (IMPRINT)
Place of publication, distribution, etc. New York :
Name of publisher, distributor, etc. McGraw-Hill,
Date of publication, distribution, etc. c1970.
300 ## - PHYSICAL DESCRIPTION
Extent xvi, 492 p. :
Other physical details ill. ;
Dimensions 23 cm.
504 ## - BIBLIOGRAPHY, ETC. NOTE
Bibliography, etc Includes bibliographical references & index.
590 ## - Name of Cataloguer
Name of Cataloger Jerin<br/>
650 #0 - SUBJECT ADDED ENTRY--TOPICAL TERM
Topical term or geographic name as entry element Immunology.
700 1# - ADDED ENTRY--PERSONAL NAME
Personal name La Via, Mariano F.
Dates associated with a name 1926-
942 ## - ADDED ENTRY ELEMENTS (KOHA)
Source of classification or shelving scheme Dewey Decimal Classification
Koha item type Book
Holdings
Withdrawn status Lost status Source of classification or shelving scheme Damaged status Not for loan Collection code Home library Branch Name Shelving location Date acquired Total Checkouts Full call number Barcode Date last seen Price effective from Koha item type
    Dewey Decimal Classification   Not For Loan Reference SAU Library SAU Library Reference 08/12/1980   570 ABB 6097 17/07/2015 17/07/2015 Book